000 00271nam a22001217a 4500
008 181217b xxu||||| |||| 00| 0 eng d
041 _aeng
080 _a038
100 _a23
101 _aFJA
245 _aWebsters NewWorld Dictionary
_cGuralnik, D.B
942 _2udc
_cBK
999 _c53248
_d53248